Statistics for Famous Fictional Wolves and Foxes

Click here to take the quiz!

General Stats

  • This quiz has been taken 169 times
    (30 since last reset)
  • The average score is 9 of 18

Answer Stats

HintAnswer% Correct
Antagonist of "Little Red Riding Hood"...or "The 3 Little Pigs"The Big Bad Wolf
96%
1981 Disney animated "buddy drama film"The Fox and the Hound
73%
Roald Dahl book and Wes Anderson filmFantastic Mr. Fox
69%
A fox plays the titular character of this 1973 Disney animated filmRobin Hood
65%
When the wolf finally did come, no one believed himThe Boy Who Cried Wolf
65%
1936 narrated orchestral composition for children, by Sergei ProkofievPeter and the Wolf
58%
1985 comedy/fantasy starring Michael J. FoxTeen Wolf
58%
Wild wolfdog created by Jack LondonWhite Fang
54%
The Stark children are each gifted with one of these animalsdirewolves
50%
Sonic the Hedgehog's palTails
50%
1995 animated film about a wolfdog who helps deliver diptheria vaccinesBalto
42%
Nintendo game series featuring Fox McCloudStar Fox
42%
2011 movie with Liam Neeson and wolvesThe Grey
38%
From Dora the ExplorerSwiper
35%
1965 Dr. Seuss bookFox in Socks
31%
Patriarch of Mowgli's wolf pack in The Jungle BookAkela
27%
Terrifying servant of the power behind the Nothing in The NeverEnding StoryGmork
8%
A Narnian wolf, captain of the White Witch's Secret PoliceMaugrim
8%

Score Distribution

Percentile by Number Answered

Percent of People with Each Score

Your Score History

You have not taken this quiz since the last reset